000 01097cab a2200325 4500
001 WB3004-54
008 090401t1994 xxu||||| |||| 00| 0 eng d
035 _a(Sirsi) u58647
041 _aeng
245 _aEstate agent owes duty of care
260 _c1994
350 _a0
490 _aTimes
_v25 January 1994, 38(1)
520 _a"McCullagh v Lane Fox and Partners Ltd" QBD 14 January 1994 held that the vendor`s estate agent did owe a duty of care for a negligent misstatement (on the size of the plot), on which the purchasers relied. The claim, however, was dismissed as no loss was suffered; the value of the property remained the same.
650 _aDAMAGES
650 _aDUTY OF CARE
650 _aERROR
650 _aESTATE AGENTS
650 _aLOSS
650 _aMEASUREMENTS
650 _aMISDESCRIPTIONS
650 _aMISREPRESENTATION
650 _aMISSTATEMENTS
650 _aNEGLIGENCE
650 _aPARTICULARS
650 _aVENDOR AND PURCHASER
690 _aMANAGEMENT-BUSINESS MANAGEMENT-PROFESSIONAL PRACTICE
942 _n0
948 _c04/03/1997
999 _c35848
_d35848